000 00398nam a22001577a 4500
999 _c2440
_d2440
005 20181015100224.0
008 181015b ||||| |||| 00| 0 eng d
040 _cDLC
082 _a242
_bJ87D
100 _aJowett, John Henry
245 _aA Daily Meditation
_cJohn Henry Jowett
260 _aBangalore
_bSAIACS
_c2005
300 _a366p,;
650 _adevotion
_xchristian life
942 _2ddc
_cBK